000 00626nam a2200205 4500
003 OSt
005 20240717034009.0
006 a
008 240717b |||||||| |||| 00| 0 eng d
020 _a9781891121517
040 _aDWCL-Main lib.
_cOC
082 _aCirc. 621.381535 H744w 2007
100 _aHollister, Allen L.
245 _aWideband amplifier design /
260 _aRaleigh, NC:
_bSciTech Pub. Inc. ,
_cc2007.
300 _axv,
_b391 p. : ill. ;
_c26 cm.
504 _aIncludes bibliographical references.
650 _a1. Amplifiers (Electronics)-Design and construction.
942 _2ddc
_n0
_cBK-CIRC
_kCirc.
999 _c2303
_d2303